| Tag |
First Indicator |
Second Indicator |
Subfields |
| LEADER |
00000cam a2200000Ka 4500 |
| 001 |
in00002494708 |
| 005 |
20211202191651.0 |
| 007 |
he bmb024bbca |
| 008 |
090521s1987 miu b f000 0 eng d |
| 035 |
|
|
|a (OCoLC)ocn334196428
|
| 037 |
|
|
|a N 89-24687
|b NASA
|
| 040 |
|
|
|a GPO
|c GPO
|d MvI
|d UtOrBLW
|
| 049 |
|
|
|a UMIC
|a WWW
|
| 074 |
|
|
|a 0830-H-14 (MF)
|
| 074 |
|
|
|a 0830-H-14 (online)
|
| 086 |
0 |
|
|a NAS 1.26:180081
|
| 100 |
1 |
|
|a Olson, Charles E.
|
| 245 |
1 |
0 |
|a Estimating population size of pygoscelid penguins from TM data :
|b final report to the National Aeronautics and Space Administration /
|c Charles E. Olson, Jr., Mathew R. Schwaller, Paul A. Dahmer.
|
| 264 |
|
1 |
|a Ann Arbor, MI :
|b The University of Michigan, School of Natural Resources, Remote Sensing Laboratory ;
|a [Washington, DC] :
|b National Aeronautics and Space Administration,
|c [1987]
|
| 300 |
|
|
|a 1 volume
|
| 336 |
|
|
|a text
|b txt
|2 rdacontent
|
| 337 |
|
|
|a microform
|b h
|2 rdamedia
|
| 338 |
|
|
|a microfiche
|b he
|2 rdacarrier
|
| 490 |
1 |
|
|a NASA-CR ;
|v 180081
|
| 530 |
|
|
|a Also available via Internet from the NTRS web site. Address as of 05/20/09: http://ntrs.nasa.gov/archive/nasa/casi.ntrs.nasa.gov/19890015316%5F1989015316.pdf ; current access is available via PURL.
|
| 533 |
|
|
|a Microfiche.
|b [Washington, D.C. :
|c National Aeronautics and Space Administration],
|d 1989.
|e 1 microfiche.
|
| 500 |
|
|
|a Microform.
|
| 650 |
|
7 |
|a Antarctic regions.
|2 nasat
|
| 650 |
|
7 |
|a Birds.
|2 nasat
|
| 650 |
|
7 |
|a Ecosystems.
|2 nasat
|
| 650 |
|
7 |
|a Populations.
|2 nasat
|
| 650 |
|
7 |
|a Remote sensing.
|2 nasat
|
| 650 |
|
7 |
|a Thematic mapping.
|2 nasat
|
| 776 |
0 |
|
|a Olson, Charles E.
|t Estimating population size of pygoscelid penguins from TM data.
|h 1 v.
|w (OCoLC)334196375
|
| 700 |
1 |
|
|a Schwaller, Mathew R.
|
| 700 |
1 |
|
|a Dahmer, Paul A.
|
| 710 |
2 |
|
|a University of Michigan.
|b Remote Sensing Laboratory.
|
| 710 |
1 |
|
|a United States.
|b National Aeronautics and Space Administration.
|
| 830 |
|
0 |
|a NASA contractor report ;
|v NASA CR-180081.
|
| 856 |
4 |
1 |
|u https://purl.fdlp.gov/GPO/LPS112913
|t 0
|
| 999 |
|
|
|a MARS
|
| 999 |
f |
f |
|s b7d9bbc9-cbd5-3e88-98e0-36927233f622
|i 23dcb36e-9cbf-317f-94cd-f0703f852bfb
|t 0
|
| 952 |
f |
f |
|a Texas A&M University
|b College Station
|c Electronic Resources
|d Available Online
|t 0
|e NAS 1.26:180081
|h Superintendent of Documents classification
|
| 952 |
f |
f |
|a Texas A&M University
|b College Station
|c Sterling C. Evans Library
|d Evans: US Documents Microfiche (3rd floor)
|t 0
|e NAS 1.26:180081
|h Superintendent of Documents classification
|
| 998 |
f |
f |
|a NAS 1.26:180081
|t 0
|l Available Online
|
| 998 |
f |
f |
|a NAS 1.26:180081
|t 0
|l Evans: US Documents Microfiche (3rd floor)
|